|
|
|
|
| LEADER |
00000n m0a2200000 4500 |
| 001 |
106484 |
| 005 |
20231031114922.0 |
| 010 |
|
|
|a 5936303500
|
| 035 |
|
|
|a (RuTPU)RU\TPU\book\114941
|
| 090 |
|
|
|a 106484
|
| 100 |
|
|
|a 20061208d2006 k y0rusy50 ca
|
| 101 |
0 |
|
|a rus
|
| 102 |
|
|
|a RU
|
| 105 |
|
|
|a y l 000zy
|
| 200 |
1 |
|
|a Межотраслевые правила по охране труда на автомобильном транспорте
|e ПОТ РМ-027-2003
|e Вводятся в действие с 30 июня 2003 г.
|
| 210 |
|
|
|a СПб.
|c Деан
|d 2006
|
| 215 |
|
|
|a 208 с.
|
| 225 |
1 |
|
|a Безопасность труда России
|
| 610 |
1 |
|
|a автомобильный транспорт
|
| 610 |
1 |
|
|a охрана труда
|
| 610 |
1 |
|
|a производственные помещения
|
| 610 |
1 |
|
|a исходные материалы
|
| 610 |
1 |
|
|a хранение
|
| 610 |
1 |
|
|a транспорт
|
| 610 |
1 |
|
|a транспортировка
|
| 610 |
1 |
|
|a готовая продукция
|
| 610 |
1 |
|
|a отходы
|
| 610 |
1 |
|
|a оборудование
|
| 610 |
1 |
|
|a электробезопасность
|
| 610 |
1 |
|
|a режим труда
|
| 610 |
1 |
|
|a режим отдыха
|
| 610 |
1 |
|
|a инструктаж
|
| 610 |
1 |
|
|a средства защиты
|
| 610 |
1 |
|
|a правила
|
| 610 |
1 |
|
|a ПОТ РМ-027-2003
|
| 675 |
|
|
|a 656.13:658.382(083.13)
|v 3
|
| 801 |
|
1 |
|a RU
|b 63413507
|c 20061208
|g PSBO
|
| 801 |
|
2 |
|a RU
|b 63413507
|c 20091103
|g PSBO
|
| 900 |
|
|
|a Автомобили и тракторы
|
| 942 |
|
|
|c BK
|